| 000 | 00797nam a22002537a 4500 | ||
|---|---|---|---|
| 001 | 25508 | ||
| 005 | 20260428174008.0 | ||
| 008 | 260427b |||||||| |||| 00| 0 spa d | ||
| 020 | _a9786123113285 | ||
| 041 | _aESP | ||
| 082 |
_a344.2 _bP45E |
||
| 100 |
_aPérez López, Jorge _eAUT |
||
| 245 |
_aEl error en el derecho penal : _bun enfoque legislativo, doctrinario y jurisprudencial |
||
| 250 | _aPrimera edición | ||
| 260 |
_aLima : _bGaceta Jurídica, _c2016 |
||
| 300 |
_a191 páginas : _bcuadro ; _c24 cm. |
||
| 440 | _a ; | ||
| 650 | _aCIS | ||
| 653 | _aError, derecho penal; Error judicial, aspectors jurídicos | ||
| 654 | _aCDE | ||
| 700 | _a; | ||
| 856 |
_zVéase además: Biblioteca Digital _uhttps://itmsp.museknowledge.com/UCSP?groupID=2 |
||
| 942 |
_cLIB _dJUS _fMIP _n0 _2ddc |
||
| 999 |
_c25508 _d25508 |
||